Co se děje ve škole / (Záznam č. 33913)

Podrobnosti MARC
000 -Návěští
Řídící pole kódované 24B 01803nam a2200337 i 4500
001 - Kontrolní číslo
Řídící pole proměnné nkc20193101114
003 - Identifikátor kontrolního čísla
Řídící pole proměnné CZ PrSKC
005 - Datum posledního zpracování
Řídící pole 16B 20260202112451.0
007 - Pole pevné délky pro fyzický popis
Řídící pole kódované ta
008 - Údaje pevné délky
Řídící pole kódované 40B 190605s2019 xr a a 000 1 cze
020 ## - ISBN
ISBN 9788000053363
Dostupnost Kč 199,00
040 ## - Zdroj katalogizace-agentura
Agentura původní katalogizace BOA001
Jazyk katalogizace cze
Agentura upravující záznam OLA001
-- ABA001
Použitá pravidla popisu rda
072 #7 - Kód předmětové kategorie - Konspekt
Předmětová kategorie 821-93
Zpřesnění předmětové kategorie Literatura pro děti a mládež (beletrie)
Zdroj předmětové klasifikace Konspekt
080 ## - MDT
Klasifikační znak MDT 821-93
Idetifikátor vydání MDT MRF
080 ## - MDT
Klasifikační znak MDT (0.025.2)
Idetifikátor vydání MDT MRF
100 1# - Hlavní záhlaví - osobní jméno autora
Osobní jméno Sekaninová, Štěpánka
Kód role aut
9 (RLIN) 12620
245 10 - Údaje o názvu
Název Co se děje ve škole /
Údaj o odpovědností, atd. napsala Štěpánka Sekaninová ; ilustrovala Kateřina Hikadová
250 ## - Údaje o vydání
Označení vydání První vydání
264 #1 - Nakladatelské údaje
Místo vydání V Praze :
Nakladatel Albatros,
Rok vydání 2019
300 ## - Fyzický popis
Rozsah 18 nečíslovaných stran :
další fyzické údaje barevné ilustrace ;
Rozměry 30 cm
500 ## - Všeobecná poznámka
Text obecné poznámky "Pro nakladatelství Albatros v Praze ve společnosti Albatros Media a.s. ... připravilo nakladatelství B4U Publishing"--Tiráž
500 ## - Všeobecná poznámka
Text obecné poznámky Kartonové listy
520 2# - Anotace
Anotace, atd. Velkoformátové obrázkové leporelo, které shrnuje denní režim dětí ve škole.
Rozšířený text anotace Kniha se skládá vždy z dvoustrany, kde je charakterizováno konkrétní místo ve škole a činnosti, které obvykle děti, učitelé a další zaměstnanci školy na daném místě dělají. A následující dvoustrana pak pomáhá dětem rozvíjet slovní zásobu při popisu konkrétních činností. Ve škole nejsou jen třídy, tělocvična, školní jídelna a družina, ale také sborovna, kde se učitelé připravují na výuku, a malá zahrádka, kde si mohou děti společně s učiteli vypěstovat chutnou zeleninu.
655 #7 - Rejstříkový termín - žánr/forma
Žánr/forma či základní termín leporela
-- 906
655 #7 - Rejstříkový termín - žánr/forma
Žánr/forma či základní termín publikace pro děti
655 #9 - Rejstříkový termín - žánr/forma
Žánr/forma či základní termín folding picture-books
-- 7353
655 #9 - Rejstříkový termín - žánr/forma
Žánr/forma či základní termín children's literature
700 1# - Vedlejší záhlaví - osobní jméno autora
Osobní jméno Hikadová, Kateřina,
Datumy související se jménem 1989-
Kód role ill
9 (RLIN) 11846
910 ## - Údaje o vlastníkovi jednotky (exempláře)
Sigla vlastníka jednotky ABG508
Jednotky
Stav ztráty Zdroj klasifikace pro skladování Stav poškození
  Universal Decimal Classification  

Používáme knihovní systém Koha